Moderní management v teorii a praxi

Gespeichert in:
Bibliographische Detailangaben
1. Verfasser: Vodáček, Leo
Weitere Verfasser: Vodáčková, Oľga
Format: Buch
Sprache:Tschechisch
Veröffentlicht: Praha Management Press 2006
Schlagworte:
Tags: Tag hinzufügen
Keine Tags, Fügen Sie das erste Tag hinzu!

MARC

LEADER 00000nam$a2200000$$$4500
001 0045416
005 20230113120040.4
020 |a 80-7261-143-7 
041 0 |a cze 
044 |a CZ 
245 1 0 |a Moderní management v teorii a praxi  |c Leo Vodáček & Oľga Vodáčková 
264 1 |a Praha  |b Management Press  |c 2006 
300 |a 295 s. 
610 2 0 |a manažment 
610 2 0 |a riadenie 
610 2 0 |a podnikanie 
610 2 0 |a manažéri 
610 2 0 |a stratégia podnikateľská 
610 2 0 |a procesy podnikové 
610 2 0 |a rozvoj podniku 
610 2 0 |a inovácia 
100 1 |a Vodáček, Leo 
700 1 |a Vodáčková, Oľga